Пътувание около света в 80 дни (Запис номер 354732)
[ съкратено ]
| 000 -Лидер | |
|---|---|
| Контролно поле с фиксирана дължина | 01305nam a2200349 a 4500 |
| 003 - Код на организацията, давaща контролен номер | |
| Контролно поле | BLK |
| 005 - Дата и час на последна редакция | |
| Контролно поле | 20231220005223.0 |
| 008 - Елементи от данни с фиксирана дължина | |
| fixed length control field | 200317b bul|||||r ||||||| ||bul|| |
| 010 ## - Наследен системен номер | |
| LC control number | KNG00007477RET |
| 020 ## - Международен стандартен номер на книга ISBN | |
| Международен стандартен номер на книга ISBN | БК 6647 |
| 040 ## - Източник на каталожния запис | |
| Идентификатор на билиотеката - собственик на записа | BLK |
| 041 ## - Код за език | |
| Код за езика на текст/звукозапис или на отделно заглавие | Български |
| Код за езика КДБФ | Български |
| 080 ## - УДК | |
| Текстов определител УДК | Френска литература |
| УДК код - определител по УДК | 821.133.1 |
| УДК определител | -31 |
| УДК - код + определител | 821.133.1-31 |
| 100 ## - Редна дума - Автор | |
| Автор | Верн, Жул |
| R(LIN) | 263632 |
| 139 ## - Редно поле | |
| Редна дума | Верн, Жул |
| Авторски знак | Верн - В 50 |
| 245 10 - Сведения за заглавието | |
| Заглавие | Пътувание около света в 80 дни |
| Редно поле (дума) | Жул Верн ; Прев. И. С. |
| 257 ## - Страна на издаване | |
| Страна на създаване/издаване | България |
| 260 ## - Област на издателските данни | |
| Място на издаване, разпространение и проч. | София, Пловдив и Русчук |
| Име на издателя, разпространителя и проч. | Хр. Г. Данов |
| Година на издаване | 1880 |
| Печатница | Пловдив : печ. Я. С. Ковачев, 1880 |
| 300 ## - Физическа характеристика | |
| Страници | 274 с. |
| Размери/Мащаб | 25 см |
| 380 ## - Жанр | |
| Жанр | Худож. лит. |
| 500 ## - Общи забележки | |
| Забележка | Пълното име на прев. Иван Салабашев. Поместено във в. Марица, бр. 157-195, 1880. Същият набор пригоден и за самостоятелно изд. |
| 700 1# - Други автори (авторска отговорност) | |
| Лично име | И. С. |
| Автороска отговорност (Описва отношението между автора и произведението) | Прев. |
| 9 (RLIN) | 405012 |
| 700 1# - Други автори (авторска отговорност) | |
| Лично име | Салабашев, Иван |
| 9 (RLIN) | 118543 |
| 852 ## - Местоположение | |
| Форматна сигнатура | К 821/В 50 |
| 856 4# - Електронен адрес и достъп | |
| Електронен формат | pdf - файл |
| Път до файла /url/ | |
| 856 4# - Електронен адрес и достъп | |
| Електронен формат | pdf - файл |
| Път до файла /url/ | |
| 999 ## - СИСТЕМНИ КОНТРОЛНИ НОМЕРА | |
| Koha biblionumber | 354732 |
| Koha biblioitemnumber | 354732 |
| 942 ## - АРТИКУЛИ | |
| Вид на библиотечния материал | Книги |
| Скрит в OPAC | Не |
| Периодичен библиозапис | Да |
| 944 ## - СЪЗДАВАНЕ И РЕДАКЦИЯ на ЗАПИСА | |
| Създаване/Редакция | Създаване |
| Служител, извършил регистрацията/редакцията | |
| Статус, дата на статуса | CRON CRON |
| 999 ## - СИСТЕМНИ КОНТРОЛНИ НОМЕРА | |
| Koha biblioitemnumber | 354732 |
| 999 ## - СИСТЕМНИ КОНТРОЛНИ НОМЕРА | |
| Koha biblioitemnumber | 354732 |
| 999 ## - СИСТЕМНИ КОНТРОЛНИ НОМЕРА | |
| Koha biblioitemnumber | 348709 |
| Код за отписване | Код за изгубен артикул | Източник на класификационната схема | Код за повреда | Коз за рестрикции | Код за отдаване | Артикулен № | Име на библиотеката - собственик | Име на библиотеката, в която се намира в момента | Статус (Текущо местоположение) | Дата на вписване в системата | Местоположение - отдел | Цена в лева | Инвентарен номер | Систематично азбучна сигнатура | Баркод | Цена в евро | Служебен тип на артикула |
|---|---|---|---|---|---|---|---|---|---|---|---|---|---|---|---|---|---|
| Не е изгубен | Universal Decimal Classification | Не е повреден | само за читалня | ползва се в читалня | 762460 | Регионална библиотека "Любен Каравелов" Русе | Регионална библиотека "Любен Каравелов" Русе | Краезнание | 2020-04-17 | Краезнание | 0.55 | 18114/61 | К 821/В 50 | 900000003807 | 0.28 | Книги |